|
|
|
|
| LEADER |
01059nam a2200289 a 4500 |
| 001 |
1517731 |
| 003 |
BD-DhAAL |
| 005 |
20180904111533.0 |
| 008 |
090716n enka 000 0 eng d |
| 999 |
|
|
|c 2488
|d 2488
|
| 010 |
|
|
|a 89188754
|
| 020 |
|
|
|a 0140771506
|
| 040 |
|
|
|a MH
|c MH
|d DLC
|
| 082 |
0 |
0 |
|a 821.7
|
| 100 |
1 |
|
|a Beatty, B. G.
|q (Bernard G.)
|9 987
|
| 245 |
1 |
0 |
|a Byron's Don Juan and other poems :
|b a critical study /
|c Bernard Beatty.
|
| 260 |
|
|
|a Harmondsworth :
|b Penguin.
|
| 300 |
|
|
|a 135 pages ;
|c 20 cm.
|
| 440 |
|
|
|a Penguin masterstudies
|9 28047
|
| 541 |
1 |
|
|e 00009353
|
| 600 |
1 |
0 |
|a Byron, George Gordon Byron,
|c Baron,
|d 1788-1824.
|t Don Juan.
|9 988
|
| 650 |
|
0 |
|a Don Juan (Legendary character)in literature.
|9 2018
|
| 650 |
|
0 |
|a Epic poetry, English
|x History and criticism.
|9 989
|
| 650 |
|
0 |
|a Seduction in literature.
|9 2019
|
| 852 |
4 |
|
|a Ayesha Abed Library
|j General shelf.
|
| 942 |
|
|
|2 ddc
|c BK
|
| 952 |
|
|
|0 0
|1 0
|2 ddc
|4 1
|6 821_700000000000000_BEA
|7 0
|9 14389
|a BRACUL
|b BRACUL
|c SPS
|d 2011-02-23
|l 0
|o 821.7 BEA
|p 3010009353
|r 2011-02-23
|t 1
|w 2011-02-23
|y BK
|